Modernizing nature forestry and imperial eco-development 1800-1950 /

Bibliographic Details
Main Author: Rajan, S. Ravi.
Corporate Author: ProQuest (Firm)
Format: Electronic eBook
Language:English
Published: Oxford : Oxford ; New York : Clarendon Press ; Oxford University Press, 2006.
Series:Oxford historical monographs.
Subjects:
Online Access:Click to View
LEADER 01591nam a22003974a 4500
001 EBC422715
003 MiAaPQ
005 20200520144314.0
006 m o d |
007 cr cn|||||||||
008 050919s2006 enka sb 001 0 eng
010 |z  2005027341 
020 |z 0199277966 (alk. paper) 
035 |a (MiAaPQ)EBC422715 
035 |a (Au-PeEL)EBL422715 
035 |a (CaPaEBR)ebr10160557 
035 |a (CaONFJC)MIL75817 
035 |a (OCoLC)191924138 
040 |a MiAaPQ  |c MiAaPQ  |d MiAaPQ 
050 4 |a SD131  |b .R35 2006 
082 0 4 |a 634.9/209034  |2 22 
100 1 |a Rajan, S. Ravi. 
245 1 0 |a Modernizing nature  |h [electronic resource] :  |b forestry and imperial eco-development 1800-1950 /  |c S. Ravi Rajan. 
260 |a Oxford :  |b Clarendon Press ;  |a Oxford ;  |a New York :  |b Oxford University Press,  |c 2006. 
300 |a xv, 286 p. :  |b ill. 
490 1 |a Oxford historical monographs 
504 |a Includes bibliographical references (p. [242]-265) and index. 
533 |a Electronic reproduction. Ann Arbor, MI : ProQuest, 2015. Available via World Wide Web. Access may be limited to ProQuest affiliated libraries. 
650 0 |a Forest management  |x History  |y 19th century. 
650 0 |a Forest management  |x History  |y 20th century. 
651 0 |a Great Britain  |x Colonies  |x History  |y 19th century. 
651 0 |a Great Britain  |x Colonies  |x History  |y 20th century. 
655 4 |a Electronic books. 
710 2 |a ProQuest (Firm) 
830 0 |a Oxford historical monographs. 
856 4 0 |u https://ebookcentral.proquest.com/lib/matrademy/detail.action?docID=422715  |z Click to View